Main Mukhtar Hun (Record no. 1020)

MARC details
000 -LEADER
fixed length control field 00575nam a2200241 a 4500
020 ## - INTERNATIONAL STANDARD BOOK NUMBER
ISBN
082 00 - DEWEY DECIMAL CLASSIFICATION NUMBER
Classification number 233
Author Cutter JAL
100 ## - MAIN ENTRY--AUTHOR NAME
Author name Jalaluddin, P
245 ## - TITLE STATEMENT
Title Main Mukhtar Hun
260 ## - PUBLICATION, DISTRIBUTION, ETC. (IMPRINT)
Place of publication Kharar
Name of publisher Mashal Printing Press
Year of publication 1956
300 ## - PHYSICAL DESCRIPTION
Number of Pages 30p
500 ## - GENERAL NOTE
General note includes index and biblioraphy
505 2# - FORMATTED CONTENTS NOTE
Formatted contents note Noor Aur Sachai
650 ## - SUBJECT ADDED ENTRY--TOPICAL TERM
Topical Term Man-Christian Theology
942 ## - ADDED ENTRY ELEMENTS (KOHA)
Koha item type Books
700 1# -
-- Jalaluddin, P
Holdings
Collection code Home library Current library Date acquired Cost, normal purchase price Full call number Accession Number Koha item type
  Henry Martyn Institute Library Henry Martyn Institute Library 06/19/2007 100.00 233 JAL 03948 Books
                   Copyright © 2026 | Henry Martyn Institute | Hyderabad | TS-500052 | INDIA | Implemented by hmi.edu.in
Hit-Count:

Powered by Koha